000
00311nam a2200133Ia 4500
008
230901s2011 xx 000 0 und d
041
_a
eng
082
_a
362/DAV
100
_a
DAVIS
245
_a
LEARNING SKILLS FOR NURSING STUDENTS .
260
_c
2011
300
_a
220
650
_a
NURSING ADMINISTRATION
999
_c
866609
_d
866609